Statistics for 30 biggest urban areas in europe

Click here to take the quiz!

General Stats

  • This quiz has been taken 9 times
  • The average score is 28 of 30

Answer Stats

#PopulationCountryAnswer% Correct
133 mio peopleGreeceAthens
100%
105 mio peopleSpainBarcelona
100%
124 mio peopleGermanyBerlin
100%
213 mio peopleUnited KingdomBirmingham
100%
252 mio peopleBelgiumBrussels
100%
222 mio peopleRomaniaBucharest
100%
95 mio peopleGermanyCologne/
Düsseldorf
100%
153 mio peopleGermanyFrankfurt
100%
216 mio peopleTürkiyeIstanbul
100%
143 mio peopleUkraineKyiv/Kiev
100%
262 mio peopleUnited KingdomLeeds
100%
163 mio peoplePortugalLisbon
100%
314 mio peopleUnited KingdomLondon
100%
56 mio peopleSpainMadrid
100%
232 mio peopleUnited KingdomManchester
100%
76 mio peopleItalyMilan
100%
117 mio peopleRussiaMoscow
100%
114 mio peopleItalyNaples
100%
411 mio peopleFranceParis
100%
173 mio peopleThe Netherlands
(Holland)
Rotterdam/
Den Haag
100%
66 mio peopleGermanyRuhr Area
(Dortmund)
(Essen)
100%
86 mio peopleRussiaSaint
Petersburg
100%
242 mio peopleAustriaVienna
100%
193 mio peoplePolandWarsaw
100%
292 mio peopleThe Netherlands
(Holland)
Amsterdam
83%
302 mio peopleHungaryBudapest
83%
183 mio peopleItalyRome
83%
282 mio peopleGermanyStuttgart
83%
272 mio peopleUkraineLviv
50%
203 mio peoplePolandUpper Silesia
(Katowice)
(Kraków)
33%

Score Distribution

Percentile by Number Answered

Percent of People with Each Score

Your Score History

You have not taken this quiz